000
00342nam a2200157Ia 4500
100
_a
Mamoria/C/B/ Gankar/S.V
942
_c
BK
366
_f
20
654
_a
personnel
245
_a
Personnel Management
260
_b
Himalaya Publishers
_a
Mumbai
_c
1996
082
_a
658.409/MAM
_b
MAM
300
_a
932
546
_a
ENGLISH
999
_c
22246
_d
22246